Can you guess these native Missouri animals? Quiz Stats

 Plays Quiz not verified by Sporcle

Score 0/11 Timer 05:00
0 Plays Today
% Correct
Bobcat
90.2%
Badger
81.4%
Opossum
63.7%
Otter
62.7%
Mink
57.8%
Deer
54.9%
Mountain Lion
49%
Muskrat
39.2%
Woodchuck
31.4%
Black Bear
29.4%
Carolina Wren
13.7%

You're not logged in!

Compare scores with friends on all Sporcle quizzes.
Join for Free
OR
Log In

You Might Also Like...

Show Comments

Extras

Top Quizzes Today


Score Distribution

Your Account Isn't Verified!

In order to create a playlist on Sporcle, you need to verify the email address you used during registration. Go to your Sporcle Settings to finish the process.

Report this User

Report this user for behavior that violates our Community Guidelines.

Details: